Innovation in small and medium firms

Enregistré dans:
Détails bibliographiques
Collectivité auteur: Organisation foe Economic Co-operation and Development
Format: Livre
Langue:Undetermined
Publié: Paris Organisation for Economic Co-operation and Development 1982
Sujets:
Tags: Ajouter un tag
Pas de tags, Soyez le premier à ajouter un tag!
Thư viện lưu trữ: Trung tâm Học liệu Trường Đại học Cần Thơ
LEADER 00640nam a2200193Ia 4500
001 CTU_84500
008 210402s9999 xx 000 0 und d
082 |a 332.6 
082 |b O.68 
110 |a Organisation foe Economic Co-operation and Development 
245 0 |a Innovation in small and medium firms 
245 0 |c Organisation foe Economic Co-operation and Development 
260 |a Paris 
260 |b Organisation for Economic Co-operation and Development 
260 |c 1982 
650 |a Small business 
650 |x Technological innovations 
904 |i Qhieu(sửa) 
980 |a Trung tâm Học liệu Trường Đại học Cần Thơ